00504nam a22001457a 4500003000500000038001800005082000800023100002000031245012900051264003400180300002400214650002800238700003400266856005800300NUST aNusrat Nadeem a200 aAyesha, Tatheer aRANSOMSHIELD: MITIGATING ANDROID RANSOMWARE ATTACKS THROUGH PERMISSIONBASED ANALYSIS USING MACHINE LEARNING/cTatheer Ayesha aIslamabad,c2023.bSEECS NUST aill:b85,p:c30,cm. aMS-Information Security aSupervisor: Dr. Mehdi Hussain u http://10.250.8.41:8080/xmlui/handle/123456789/39062